000
00285nam a22001337a 4500
008
171227b xxu||||| |||| 00| 0 eng d
020
_a
327810
041
_a
eng
080
_a
82
100
_a
21
101
_a
GJL
245
_a
Poetry: Premeditated Art
_c
Jerome, J
942
_2
udc
_c
BK
999
_c
39446
_d
39446